|
|
|
|
| LEADER |
00000naa2a2200000 4500 |
| 001 |
606098 |
| 005 |
20231101132403.0 |
| 035 |
|
|
|a (RuTPU)RU\TPU\conf\3461
|
| 035 |
|
|
|a RU\TPU\conf\3460
|
| 090 |
|
|
|a 606098
|
| 100 |
|
|
|a 20140516d2014 k y0rusy50 ca
|
| 101 |
0 |
|
|a rus
|
| 102 |
|
|
|a RU
|
| 105 |
|
|
|a y z 101zy
|
| 135 |
|
|
|a drcn ---uucaa
|
| 181 |
|
0 |
|a i
|
| 182 |
|
0 |
|a b
|
| 200 |
1 |
|
|a Геохимические индикаторы экологической обстановки в зольном остатке организма человека
|f М. А. Белякина
|g науч. рук. Н. В. Барановская
|
| 203 |
|
|
|a Текст
|c электронный
|
| 225 |
1 |
|
|a Охрана и защита планеты Земля
|
| 230 |
|
|
|a 1 компьютерный файл (pdf; 300 Кб)
|
| 300 |
|
|
|a Заглавие с титульного экрана
|
| 320 |
|
|
|a [Библиогр.: с. 109 (2 назв.)]
|
| 337 |
|
|
|a Adobe Reader
|
| 463 |
|
0 |
|0 (RuTPU)RU\TPU\conf\3308
|t Творчество юных - шаг в успешное будущее
|o материалы VI Межрегиональной студенческой научной геологической конференции имени профессора М.К. Коровина, г. Томск, 25-28 ноября 2013 г.
|f Национальный исследовательский Томский политехнический университет (ТПУ) ; под ред. А. А. Поцелуева
|v [С. 107-109]
|d 2014
|
| 610 |
1 |
|
|a труды учёных ТПУ
|
| 610 |
1 |
|
|a электронный ресурс
|
| 610 |
1 |
|
|a геохимические индикаторы
|
| 610 |
1 |
|
|a экологическая обстановка
|
| 610 |
1 |
|
|a зольный остаток
|
| 610 |
1 |
|
|a человек
|
| 610 |
1 |
|
|a элементный состав
|
| 700 |
|
1 |
|a Белякина
|b М. А.
|
| 702 |
|
1 |
|a Барановская
|b Н. В.
|c геохимик
|c профессор Томского политехнического университета, доктор биологических наук
|f 1970-
|g Наталья Владимировна
|2 stltpush
|4 727
|
| 712 |
0 |
2 |
|a Национальный исследовательский Томский политехнический университет (ТПУ)
|b Институт природных ресурсов (ИПР)
|b Кафедра геоэкологии и геохимии (ГЭГХ)
|h 259
|2 stltpush
|3 (RuTPU)RU\TPU\col\18658
|
| 801 |
|
2 |
|a RU
|b 63413507
|c 20140516
|g RCR
|
| 856 |
4 |
|
|u http://www.lib.tpu.ru/fulltext/c/2014/C66/030.pdf
|
| 942 |
|
|
|c BK
|